Culture and power in the classroom : a critical foundation for bicultural education

Αποθηκεύτηκε σε:
Λεπτομέρειες βιβλιογραφικής εγγραφής
Κύριος συγγραφέας: Darder, Antonia
Μορφή: Βιβλίο
Γλώσσα:English
Δημοσίευση: New York : Bergin & Garvey, 1991
Σειρά:Critical studies in education and culture series
Θέματα:
Ετικέτες: Προσθήκη ετικέτας
Δεν υπάρχουν, Καταχωρήστε ετικέτα πρώτοι!

MARC

LEADER 00000nam a2200000 i 4500
001 1/83961
008 990610s1991 eng d
020 |a 0-89789-239-9 
035 |l 10051487 
040 |a GR-MY-UA  |b gre  |e aacr 
041 0 |a eng 
082 0 |a 370.190973 
100 1 |a Darder, Antonia. 
245 1 0 |a Culture and power in the classroom :  |b a critical foundation for bicultural education /  |c Antonia Darder 
260 |a New York :   |b Bergin & Garvey,   |c 1991 
300 |a 170 p. 
490 1 |a Critical studies in education and culture series 
650 0 0 |a Multicultural education  |z United States. 
650 0 0 |a Educational sociology  |z United States. 
650 0 0 |a Educational equalization  |z United States. 
650 0 0 |a Education  |x Social aspects  |z United States. 
650 0 0 |a Teaching. 
830 0 |a Critical studies in education and culture series 
852 |a INST  |b RHODES  |e 19990610  |h 370.190973 DAR  |p 005400015046  |q 005400015046  |t BK  |y 0 
901 |a BIBL4-1999-2 
909 |a Ρ  |b 065719  |c 1999 
922 |a 4ΕΛΗ  |b 199905  |d LEADER